[Event "ICS rated blitz match"]
[Site "207.99.83.229"]
[Date "1999.06.15"]
[Round "?"]
[White "Hossa"]
[Black "lapacho"]
[Result "1/2-1/2"]
[WhiteElo "2433"]
[BlackElo "2342"]
[PlyCount "115"]

1. d4 d5 2. c4 c6 3. Nf3 Nf6 4. Nc3 e6 5. e3 Nbd7 6. Qc2 Bd6 7. c5 Bc7 8. Be2
e5 9. O-O O-O 10. Qd2 b6 11. b4 bxc5 12. dxc5 a5 13. Ba3 axb4 14. Bxb4 Qe7 15.
Qc1 Ba6 16. Bxa6 Rxa6 17. Nd2 Rb8 18. Rb1 d4 19. exd4 exd4 20. Re1 Ne5 21. Ne2
Nd5 22. a3 Nd3 23. Qc4 Bxh2+ 24. Kf1 Qe3 25. Qxd4 Qxd4 26. Nxd4 Nxe1 27. Rxe1
h6 28. g3 Nxb4 29. axb4 Rxb4 30. N4f3 Ra2 31. Re8+ Kh7 32. Rc8 Rbb2 33. Rxc6
Rxd2 34. Nxd2 Rxd2 35. Kg2 Bxg3 36. Kxg3 Rc2 37. Rc7 Kg6 38. c6 Rc3+ 39. Kf4 h5
40. Rc8 Rc4+ 41. Ke3 h4 42. Kd3 Rc5 43. c7 Kf5 44. Kd4 Rc2 45. Kd5 Rd2+ 46. Kc6
Rxf2 47. Rg8 Rc2+ 48. Kd6 g5 49. c8=Q+ Rxc8 50. Rxc8 g4 51. Rc7 f6 52. Rc5+ Kf4
53. Rh5 h3 54. Ke6 Kg3 55. Kxf6 h2 56. Kf5 Kg2 57. Rxh2+ Kxh2 58. Kxg4 {
Game drawn because neither player has mating material} 1/2-1/2

[Event "ICS rated blitz match"]
[Site "207.99.83.229"]
[Date "1999.06.15"]
[Round "?"]
[White "shally"]
[Black "Hossa"]
[Result "0-1"]
[WhiteElo "2268"]
[BlackElo "2429"]
[PlyCount "108"]

1. e4 e5 2. Nf3 Nc6 3. Bb5 a6 4. Ba4 Nf6 5. O-O Be7 6. d4 exd4 7. e5 Ng4 8. Re1
b5 9. Bb3 O-O 10. h3 Nh6 11. Bxh6 gxh6 12. Bd5 Bc5 13. Nbd2 Bb7 14. Ne4 Bb4 15.
Nf6+ Kg7 16. Qd3 Rh8 17. Nh4 Be7 18. Nf5+ Kf8 19. Nh5 Bb4 20. Re4 Qg5 21. Nhg3
Rg8 22. Rg4 Qd2 23. Rxg8+ Kxg8 24. Qe4 Kh8 25. Bxf7 d3 26. cxd3 Qxb2 27. Rf1
Qxe5 28. Qg4 Qf6 29. Bb3 Rf8 30. Nh5 Qg6 31. Nhg3 Qxg4 32. hxg4 Ne5 33. f3 Nxd3
34. Rd1 Bc5+ 35. Kh2 Ne5 36. Nxh6 Bc6 37. Ngf5 Nc4 38. Rc1 Ba3 39. Rc2 Bd5 40.
Re2 a5 41. Bc2 Nd6 42. Ne7 Bc4 43. Re5 Bxa2 44. Rh5 Nc4 45. Nhf5 Bxe7 46. Nxe7
Rf7 47. Nd5 Na3 48. g5 Bxd5 49. g6 Rg7 50. gxh7 Bxf3 51. gxf3 Nxc2 52. Rxb5 Nd4
53. Rxa5 Nxf3+ 54. Kh3 54... Ng5+ {shally resigns} 0-1

[Event "ICS rated blitz match"]
[Site "207.99.83.229"]
[Date "1999.06.15"]
[Round "?"]
[White "brutus"]
[Black "Hossa"]
[Result "0-1"]
[WhiteElo "2173"]
[BlackElo "2438"]
[PlyCount "52"]

1. e4 e5 2. Nf3 Nc6 3. Bb5 a6 4. Ba4 Nf6 5. Qe2 b5 6. Bb3 Bc5 7. c3 O-O 8. d3
Bb7 9. Bg5 b4 10. Nbd2 bxc3 11. bxc3 Rb8 12. Nf1 Re8 13. Ng3 Na5 14. Nh5 Nxb3
15. Bxf6 gxf6 16. axb3 f5 17. g3 d5 18. Nh4 dxe4 19. Nxf5 Qg5 20. dxe4 Bxe4 21.
Qxe4 Qxh5 22. O-O Rxb3 23. Rxa6 Rxc3 24. Rh6 Qg5 25. Rh4 h5 26. Qf3 26... Rxf3
{brutus resigns} 0-1

[Event "ICS rated blitz match"]
[Site "207.99.83.229"]
[Date "1999.06.15"]
[Round "?"]
[White "Hossa"]
[Black "Data"]
[Result "0-1"]
[WhiteElo "2444"]
[BlackElo "2757"]
[PlyCount "97"]

1. e4 c5 2. Nf3 Nc6 3. Bb5 g6 4. O-O Bg7 5. c3 Nf6 6. Re1 O-O 7. d4 cxd4 8.
cxd4 d5 9. e5 Ne4 10. Bxc6 bxc6 11. Ng5 Nxg5 12. Bxg5 h6 13. Bf4 Rb8 14. Qd2
Qb6 15. b3 Qb4 16. Nc3 Rd8 17. a3 Qb6 18. b4 Bg4 19. Rac1 Rdc8 20. e6 Qxd4 21.
Qxd4 Bxd4 22. Bxb8 Rxb8 23. exf7+ Kxf7 24. h3 Bd7 25. Na4 a5 26. bxa5 Rb5 27.
Red1 e5 28. Nb6 Be8 29. Na8 Rxa5 30. Nc7 Bd7 31. Rd3 Ra7 32. Rf3+ Ke7 33. Nxd5+
cxd5 34. Rd1 Bf5 35. Rd2 Rc7 36. Kh2 Rc2 37. Rxc2 Bxc2 38. Kg1 e4 39. Rg3 Be5
40. Rg4 d4 41. f3 e3 42. Kf1 d3 43. Re4 Kd6 44. f4 Bf6 45. Rxe3 d2 46. Re8
d1=Q+ 47. Kf2 Qd2+ 48. Kg3 Bh4+ 49. Kh2 {Hossa resigns} 0-1

[Event "ICS rated blitz match"]
[Site "207.99.83.229"]
[Date "1999.06.15"]
[Round "?"]
[White "Hossa"]
[Black "RedBear"]
[Result "0-1"]
[WhiteElo "2439"]
[BlackElo "2530"]
[PlyCount "126"]

1. e4 c5 2. Nf3 e6 3. d4 cxd4 4. Nxd4 Nc6 5. Nb5 d6 6. c4 Nf6 7. N1c3 a6 8. Na3
b6 9. Be2 Bb7 10. Be3 Nb8 11. e5 dxe5 12. Qxd8+ Kxd8 13. Bxb6+ Ke8 14. O-O Bxa3
15. bxa3 Nbd7 16. Rab1 Rc8 17. Ba5 Ba8 18. Bb4 Ne4 19. Rfd1 Nxc3 20. Bxc3 Be4
21. Rb2 Ke7 22. Rbd2 Rc7 23. Rd6 Ra8 24. Ba5 Rca7 25. Bb4 Ke8 26. Bh5 g6 27.
Be2 a5 28. Bc3 Rc8 29. Bxa5 Rxa5 30. Rxd7 Rxa3 31. R7d2 h6 32. h4 f5 33. Re1
Rc5 34. Kh2 Ke7 35. Bf1 Rca5 36. Ra1 R3a4 37. Be2 g5 38. hxg5 hxg5 39. f3 Bc6
40. Kg1 e4 41. fxe4 Bxe4 42. Rb2 Kf6 43. Kf2 f4 44. Bf1 g4 45. Kg1 Kf5 46. Kh2
e5 47. Kg1 Bc6 48. Rc2 e4 49. Kh1 e3 50. Re2 Ke4 51. Rb2 f3 52. Kh2 Kf4 53.
gxf3 Rh5+ 54. Kg1 gxf3 55. a3 Raa5 56. c5 Raxc5 57. Rb4+ Kg3 58. Bh3 f2+ 59.
Kf1 Rc2 60. Rg4+ Kh2 61. Rc4 Rg5 62. Rg4 Bb5+ 63. Rc4 63... Rg1# {
Hossa checkmated} 0-1

[Event "ICS rated blitz match"]
[Site "207.99.83.229"]
[Date "1999.06.15"]
[Round "?"]
[White "zhora"]
[Black "Hossa"]
[Result "0-1"]
[WhiteElo "2124"]
[BlackElo "2427"]
[PlyCount "98"]

1. Nc3 e6 2. g3 Nc6 3. Bg2 d5 4. e3 Be7 5. d4 Nf6 6. Nf3 O-O 7. O-O b6 8. h3
Ba6 9. Re1 Bd6 10. Ne2 Bb7 11. b3 Ne4 12. Bb2 Qf6 13. Rc1 Ne7 14. Nc3 Nxc3 15.
Bxc3 Ng6 16. Ba1 Rad8 17. Qe2 Ba3 18. Rcd1 a5 19. Ne5 Nxe5 20. dxe5 Qg6 21. Rd4
c5 22. Rg4 Qf5 23. Rf4 Qg6 24. h4 Bc6 25. Kh2 Rd7 26. Bh3 Re7 27. h5 Qg5 28.
Rg4 Qh6 29. f4 Ra7 30. Rg5 a4 31. Qg4 axb3 32. axb3 Bb4 33. Rf1 Ra2 34. Qe2
Rfa8 35. f5 Qxg5 36. fxe6 Rxa1 37. exf7+ Kf8 38. Rf5 Qh6 39. e6 Re1 40. Qg4
Qxe3 41. e7+ Qxe7 42. h6 Re2+ 43. Bg2 g6 44. Rf4 d4 45. Rf3 Qb7 46. Qg5 Bxf3
47. Qf6 Rxg2+ 48. Kh3 Qd7+ 49. Kh4 49... Qg4# {zhora checkmated} 0-1

[Event "ICS Rated standard match"]
[Site "207.99.83.229"]
[Date "1999.06.16"]
[Round "?"]
[White "Hossa"]
[Black "RedBear"]
[Result "1-0"]
[WhiteElo "2270"]
[BlackElo "2331"]
[PlyCount "126"]

1. e4 c5 2. Nf3 e6 3. d4 cxd4 4. Nxd4 Nc6 5. Nb5 d6 6. c4 Nf6 7. N5c3 Be7 8.
Be2 O-O 9. O-O b6 10. Bf4 Bb7 11. Re1 Rc8 12. Nd2 Ne5 13. Bg3 a6 14. Rf1 Qc7
15. a4 Qc5 16. Qc2 Nfd7 17. Rab1 Nc6 18. Nb3 Qb4 19. Ra1 Nce5 20. Nd2 f5 21.
exf5 Rxf5 22. f4 Qc5+ 23. Kh1 Qc6 24. Rg1 Nf7 25. Rae1 Nd8 26. Bf3 Qc7 27. Bxb7
Qxb7 28. Rxe6 Rf7 29. Re3 Nf6 30. Qd3 Ng4 31. Ree1 Kh8 32. Nd5 Nf6 33. Nxe7
Rxe7 34. Bh4 Rxe1 35. Rxe1 Ng8 36. Qxd6 Qc6 37. Qxc6 Nxc6 38. Re6 b5 39. axb5
axb5 40. Re4 bxc4 41. Rxc4 Ra8 42. h3 Nce7 43. Bxe7 Nxe7 44. Kh2 Kg8 45. Rd4
Rb8 46. Nc4 Rb4 47. Rd8+ Kf7 48. Ne5+ Ke6 49. Nd3 Rb5 50. g4 Nc6 51. Rf8 Kd6
52. Rf7 Rb3 53. Rd7+ Kxd7 54. Nc5+ Kd6 55. Nxb3 Nb4 56. Nc1 Kd5 57. f5 Ke5 58.
Kg3 Ke4 59. Ne2 Nd3 60. b3 h6 61. Kh4 Ne5 62. Nc3+ Kd3 63. Nb5 63... Kd2 {
RedBear resigns} 1-0

[Event "ICS Rated standard match"]
[Site "207.99.83.229"]
[Date "1999.06.16"]
[Round "?"]
[White "NYCP99"]
[Black "Hossa"]
[Result "1-0"]
[WhiteElo "2200"]
[BlackElo "2289"]
[PlyCount "66"]

1. e4 e5 2. f4 exf4 3. Bc4 Qh4+ 4. Kf1 Bd6 5. d4 g5 6. Nc3 Be7 7. Nf3 Qh5 8. h4
Nc6 9. Nd5 Kd8 10. Kg1 gxh4 11. Nxe7 Ngxe7 12. Rxh4 Qg6 13. Rxf4 Rf8 14. d5 Qd6
15. Qf1 Nb4 16. Qf2 b6 17. Rh4 Qc5 18. Qxc5 bxc5 19. c3 Ba6 20. Bxa6 Nxa6 21.
Rxh7 f6 22. e5 Nxd5 23. Bh6 Rg8 24. Rd1 c6 25. c4 Rb8 26. cxd5 Rxb2 27. exf6
Rbxg2+ 28. Kh1 R2g3 29. f7 cxd5 30. Ng5 Re8 31. fxe8=Q+ Kxe8 32. Rxd5 Rf3 33.
Rdxd7 33... Re3 {Hossa resigns} 1-0

[Event "ICS rated blitz match"]
[Site "207.99.83.229"]
[Date "1999.06.16"]
[Round "?"]
[White "Hossa"]
[Black "monkeys"]
[Result "1-0"]
[WhiteElo "2432"]
[BlackElo "2251"]
[PlyCount "93"]

1. e4 c5 2. Nf3 d6 3. d4 cxd4 4. Nxd4 Nf6 5. Nc3 Bd7 6. Bc4 e6 7. Bg5 a6 8. O-O
Qc7 9. Bxf6 Qxc4 10. Bg5 Nc6 11. Nb3 Nb4 12. Qd2 a5 13. a4 b6 14. Rac1 f6 15.
Be3 Qc7 16. Rfd1 Be7 17. Bf4 e5 18. Be3 Bc6 19. Nb5 Bxb5 20. axb5 Qc4 21. Bxb6
a4 22. Na1 Qxb5 23. c3 Na2 24. Rb1 Qxb6 25. Qd5 Ra7 26. Qxa2 g6 27. Qe6 Kf8 28.
Nc2 Qb3 29. Qxb3 axb3 30. Ne3 Kf7 31. f3 Ke6 32. Rd3 Rha8 33. Nd5 Ra1 34. Rdd1
Rxb1 35. Rxb1 Ra2 36. g4 Bd8 37. Kg2 f5 38. c4 Ba5 39. gxf5+ gxf5 40. Kf2 fxe4
41. fxe4 Ra4 42. Rc1 Bd2 43. Rd1 Bf4 44. Nc7+ Kd7 45. Nd5 Rxc4 46. Nb6+ Ke6 47.
Nxc4 {monkeys resigns} 1-0

[Event "ICS rated blitz match"]
[Site "207.99.83.229"]
[Date "1999.06.16"]
[Round "?"]
[White "monkeys"]
[Black "Hossa"]
[Result "1-0"]
[WhiteElo "2261"]
[BlackElo "2440"]
[PlyCount "65"]

1. d4 d5 2. c4 c6 3. cxd5 cxd5 4. Nc3 Nf6 5. Bf4 Nc6 6. h3 Qb6 7. e3 Qxb2 8.
Rc1 Bd7 9. Bb5 Nb4 10. Bxd7+ Nxd7 11. Nge2 Nxa2 12. Nxa2 Qxa2 13. O-O Qa6 14.
Rc7 Rd8 15. Nc3 e6 16. Qb3 b6 17. Nb5 Ra8 18. Rfc1 Be7 19. Bd6 Bxd6 20. Nxd6+
Ke7 21. Qb4 Kf6 22. Rxd7 Rhf8 23. e4 dxe4 24. Nxe4+ Kg6 25. Qe7 h6 26. Rc3 Qa1+
27. Kh2 a6 28. Rg3+ Kh7 29. Nf6+ Kh8 30. Rxg7 Kxg7 31. Nh5+ Kh7 32. Qf6 Kg8 33.
Qg7# {Hossa checkmated} 1-0

[Event "ICS rated standard match"]
[Site "207.99.83.229"]
[Date "1999.06.16"]
[Round "?"]
[White "Hossa"]
[Black "tol4511"]
[Result "0-1"]
[WhiteElo "2288"]
[BlackElo "2366"]
[PlyCount "117"]

1. d4 Nf6 2. c4 e6 3. Nf3 b6 4. Nc3 Bb7 5. e3 Bb4 6. Bd2 O-O 7. Be2 c5 8. O-O
d6 9. a3 Bxc3 10. Bxc3 Ne4 11. Qd3 cxd4 12. exd4 Nxc3 13. Qxc3 Nd7 14. Qe3 Rc8
15. Ng5 Nf6 16. Rac1 d5 17. cxd5 Nxd5 18. Rxc8 Qxc8 19. Qd2 Qb8 20. Qd3 Nf6 21.
Rc1 Qf4 22. Qe3 Nd5 23. g3 Nxe3 24. gxf4 Nd5 25. f5 exf5 26. Bc4 h6 27. Nf3 Rc8
28. Rc2 Nf4 29. Ne1 Ne6 30. Bxe6 fxe6 31. Rxc8+ Bxc8 32. Nd3 g5 33. Ne5 Bb7 34.
Kf1 Kg7 35. Ke2 b5 36. Kd2 Bd5 37. b4 h5 38. Kd3 f4 39. f3 Kf6 40. Kd2 Kf5 41.
h3 Kf6 42. Ke2 Bb7 43. Kd3 Kf5 44. Kc2 g4 45. fxg4+ hxg4 46. hxg4+ Ke4 47. Kd2
Kxd4 48. Nf7 Bf3 49. Nd6 a6 50. g5 Bh5 51. g6 Bxg6 52. Nb7 f3 53. Nc5 e5 54.
Nb3+ Ke4 55. Nc1 Kf4 56. Ne2+ fxe2 57. Kxe2 e4 58. Kf1 Kf3 59. Ke1 {
Hossa resigns} 0-1

[Event "ICS rated standard match"]
[Site "207.99.83.229"]
[Date "1999.06.16"]
[Round "?"]
[White "Hossa"]
[Black "Spawnkeka"]
[Result "0-1"]
[WhiteElo "2276"]
[BlackElo "1900"]
[PlyCount "111"]

1. e4 g6 2. d4 Bg7 3. Nc3 c6 4. Bc4 d6 5. Nf3 Nf6 6. O-O O-O 7. Bg5 Nxe4 8.
Nxe4 d5 9. Bd3 dxe4 10. Bxe4 Nd7 11. c3 Nf6 12. Bxf6 Bxf6 13. Re1 Be6 14. Bd3
Qd6 15. Nd2 Bg7 16. Qe2 Qf4 17. Qe3 Qxe3 18. fxe3 c5 19. Bc4 Bxc4 20. Nxc4 Rac8
21. d5 b5 22. Na5 e6 23. e4 b4 24. Re3 Rfd8 25. Nc6 Rd7 26. Rae1 bxc3 27. bxc3
c4 28. Rb1 Re8 29. Kf2 Kf8 30. dxe6 Rxe6 31. Rb8+ Re8 32. Rxe8+ Kxe8 33. e5
Rd2+ 34. Re2 Rxe2+ 35. Kxe2 Kd7 36. Nxa7 Bxe5 37. Kd2 Bxh2 38. Kc2 Bg1 39. Nb5
Bc5 40. Nd4 f5 41. Nf3 Kd6 42. Kb2 Kd5 43. Nd2 g5 44. Nf3 g4 45. Nh2 Ke4 46.
Nf1 Kd3 47. Ng3 f4 48. Nf5 f3 49. gxf3 gxf3 50. Ng3 f2 51. a4 Bd6 52. Nf1 Ke2
53. a5 Kxf1 54. a6 Ke1 55. Kc2 f1=Q 56. a7 {Hossa resigns} 0-1

[Event "ICS rated blitz match"]
[Site "207.99.83.229"]
[Date "1999.06.16"]
[Round "?"]
[White "Hossa"]
[Black "egghead"]
[Result "1-0"]
[WhiteElo "2416"]
[BlackElo "2446"]
[PlyCount "143"]

1. e4 c5 2. Nf3 e6 3. d4 cxd4 4. Nxd4 a6 5. Bd3 Nf6 6. O-O Qc7 7. Nc3 Nc6 8.
Be3 Ne5 9. Be2 b5 10. f4 Nc4 11. Bxc4 Qxc4 12. e5 Nd5 13. Nxd5 Qxd5 14. a4 b4
15. Nb3 Bb7 16. Qe2 Rc8 17. Rad1 Qc4 18. Qxc4 Rxc4 19. Na5 Re4 20. Nxb7 Rxe3
21. Nd6+ Bxd6 22. Rxd6 Re2 23. Rxa6 Ke7 24. Rb6 Rc8 25. Rc1 Rc4 26. g3 f6 27.
exf6+ Kxf6 28. h4 b3 29. Rxb3 Rxa4 30. Rd3 d5 31. Kf1 Rh2 32. Kg1 Re2 33. Rf3
Ra2 34. Rb3 h6 35. Rb8 Kf5 36. Rb7 g6 37. Rb4 Kg4 38. Rb3 Kh3 39. Kf1 Rg2 40.
Rf3 h5 41. b4 Raxc2 42. Rxc2 Rxc2 43. Rb3 Rc6 44. b5 Rb6 45. Ke2 Kg4 46. Ke1
Kf5 47. Kd2 Ke4 48. Kc3 Rb7 49. b6 Kf5 50. Kd4 Rb8 51. b7 Kf6 52. Kc5 e5 53.
fxe5+ Kxe5 54. Kc6 d4 55. Kc7 Rf8 56. b8=Q Rxb8 57. Rxb8 Ke4 58. Rb6 Kf5 59.
Kd7 d3 60. Rd6 Ke4 61. Ke7 d2 62. Kf6 Kf3 63. Rxd2 Kxg3 64. Kxg6 Kxh4 65. Rg2
Kh3 66. Rg5 Kh2 67. Kxh5 Kh3 68. Rg6 Kh2 69. Kh4 Kh1 70. Kg3 Kg1 71. Rf6 Kh1
72. Rf1# {egghead checkmated} 1-0

[Event "ICS rated standard match"]
[Site "207.99.83.229"]
[Date "1999.06.16"]
[Round "?"]
[White "star"]
[Black "Hossa"]
[Result "1-0"]
[WhiteElo "2056"]
[BlackElo "2275"]
[PlyCount "88"]

1. e4 e5 2. Nf3 Nc6 3. Bb5 a6 4. Ba4 Nf6 5. O-O Be7 6. Qe2 b5 7. Bb3 O-O 8. c3
Bc5 9. Nxe5 Nxe5 10. d4 Bd6 11. dxe5 Bxe5 12. a4 bxa4 13. Rxa4 Rb8 14. Bc4 Qe8
15. Qc2 Bb7 16. Nd2 Bf4 17. Bd3 Qe6 18. Nf3 Bxc1 19. Rxc1 Ng4 20. Re1 Qh6 21.
h3 Nf6 22. e5 Nh5 23. Nh2 Kh8 24. Rd1 Nf4 25. Ng4 Qg5 26. Qd2 Nxh3+ 27. gxh3
Qh4 28. Be4 Bc8 29. Rc4 Qxh3 30. Qg5 f6 31. exf6 gxf6 32. Nxf6 Rb5 33. Bd5 Qf3
34. Rg4 Qxd1+ 35. Kh2 Qxg4 36. Nxg4 Rxd5 37. Qxd5 Kg7 38. Qg5+ Kf7 39. Qf6+ Ke8
40. Qe5+ Kf7 41. Nh6+ Kg6 42. f4 Rxf4 43. Qxf4 d6 44. Kg3 44... Bf5 {
Hossa resigns} 1-0

[Event "ICS rated standard match"]
[Site "207.99.83.229"]
[Date "1999.06.16"]
[Round "?"]
[White "Hossa"]
[Black "SilverOak"]
[Result "0-1"]
[WhiteElo "2250"]
[BlackElo "1925"]
[PlyCount "149"]

1. e4 e5 2. f4 exf4 3. Nf3 Be7 4. Be2 Nf6 5. Nc3 d5 6. exd5 Nxd5 7. Nxd5 Qxd5
8. d4 g5 9. c4 Qd8 10. O-O O-O 11. Kh1 Re8 12. Bd3 Nc6 13. Be4 Bf6 14. Bxc6
bxc6 15. Qa4 Bg4 16. Qxc6 Bxd4 17. Nxd4 Qxd4 18. Rg1 Be6 19. Qxc7 Bxc4 20. Bd2
Qxd2 21. Qxc4 Qxb2 22. Rae1 Qf6 23. Rxe8+ Rxe8 24. Qb5 Qe5 25. Qa6 Qc5 26. Rf1
Re6 27. Qd3 Rd6 28. Qe2 a5 29. h3 Re6 30. Qd1 Rd6 31. Qe2 Kf8 32. Kh2 Qe3 33.
Qf3 Kg7 34. Qg4 Kg6 35. h4 f6 36. Rf3 Qd2 37. a3 Qc1 38. hxg5 fxg5 39. Rh3 h6
40. Qh5+ Kg7 41. Qe8 Qc7 42. Qe5+ Kf7 43. Qxg5 hxg5 44. Rh7+ Kg6 45. Rxc7 Rd3
46. a4 Rd4 47. Kh3 Rd3+ 48. Kh2 Ra3 49. Rc6+ Kf7 50. Rc5 Rxa4 51. Rxg5 Kf6 52.
Rb5 Ra3 53. Kg1 Ra2 54. Rb3 a4 55. Rf3 Ke5 56. g3 fxg3 57. Rxg3 a3 58. Re3+ Kd4
59. Rf3 Ke4 60. Rg3 Ra1+ 61. Kg2 Kd4 62. Rg4+ Kd3 63. Rg3+ Kc2 64. Kf2 a2 65.
Ra3 Kb2 66. Ra8 Rb1 67. Rb8+ Kc3 68. Rc8+ Kd4 69. Rd8+ Ke5 70. Re8+ Kd6 71.
Rd8+ Kc7 72. Rh8 a1=Q 73. Kg2 Qxh8 74. Kf3 Qc3+ 75. Ke4 {Hossa resigns} 0-1

[Event "ICS rated blitz match"]
[Site "207.99.83.229"]
[Date "1999.06.16"]
[Round "?"]
[White "Hossa"]
[Black "Secret"]
[Result "0-1"]
[WhiteElo "2433"]
[BlackElo "2398"]
[PlyCount "157"]

1. Nf3 Nf6 2. e3 g6 3. Be2 d6 4. O-O Bg7 5. Nc3 Nc6 6. d4 O-O 7. d5 Nb8 8. e4
Bg4 9. Bg5 Nbd7 10. Qd2 Nc5 11. Qe3 Bh5 12. h3 Bxf3 13. Bxf3 Ncd7 14. Bh6 Ne5
15. Be2 Bxh6 16. Qxh6 c6 17. dxc6 Nxc6 18. h4 Qb6 19. Rab1 Rac8 20. Rfc1 Nd4
21. Bd3 Ng4 22. Qf4 Ne5 23. Qe3 Ng4 24. Qg3 Nf6 25. h5 Nxh5 26. Qh4 Rfe8 27.
Rf1 Nf6 28. Qh6 Qc5 29. Kh1 b5 30. a4 b4 31. Nb5 Nxc2 32. Rbc1 b3 33. Kg1 Ng4
34. Qh4 h5 35. Be2 Nf6 36. Bd3 Red8 37. Qh3 a5 38. Nc3 Qe5 39. Bxc2 bxc2 40. f3
d5 41. exd5 Qe3+ 42. Kh1 Qd2 43. d6 Rc6 44. dxe7 Re8 45. Qh4 Nd5 46. Qe1 Qxe1
47. Rfxe1 Nb4 48. Re4 f5 49. Re3 Kf7 50. Nb5 Rxe7 51. Rc3 Rce6 52. Kh2 Re1 53.
R1xc2 Nxc2 54. Rxc2 Ra1 55. Nc3 h4 56. g3 Re3 57. Rf2 g5 58. gxh4 gxh4 59. Kg2
Ree1 60. f4 Rg1+ 61. Kh3 Rg3+ 62. Kh2 Rd3 63. Kg2 Kf6 64. Kh2 Re1 65. Nb5 Ree3
66. Nc3 Rg3 67. Rc2 Rgf3 68. Ne2 h3 69. Nc1 Rde3 70. b4 axb4 71. Rc6+ Kf7 72.
Rc7+ Ke6 73. Rc6+ Kd5 74. Rc8 Rf2+ 75. Kg1 Rg2+ 76. Kf1 Rf3+ 77. Ke1 h2 78. Rh8
Rxf4 79. a5 {Hossa resigns} 0-1

[Event "ICS Rated blitz match"]
[Site "207.99.83.229"]
[Date "1999.06.16"]
[Round "?"]
[White "Secret"]
[Black "Hossa"]
[Result "1-0"]
[WhiteElo "2416"]
[BlackElo "2415"]
[Annotator "Fritz 5.32 (15s)"]
[PlyCount "19"]

1. e4 e5 2. Nf3 Nc6 3. Bb5 a6 4. Ba4 Nf6 5. O-O Bc5 6. Nxe5 Nxe5 7. d4 Nxe4 8.
Qe2 8... Bxd4 $2 $18 (8... Be7 9. Qxe4 Ng6 10. f4 (10. Nc3 O-O 11. Nd5 Bh4 12.
c3 c6 13. Nf4 d5 14. Qf3 Bf5 15. Qh5 Nxf4 16. Qxf5 Ne2+ 17. Kh1 Nxc1 18. Raxc1
g6 19. Qf3 Re8 20. g3 Bg5 21. Rce1 Qd7 22. Kg2 Bh6 23. Bb3 b5 24. Bc2 24...
Rxe1 {Gomez Esteban,J-Izeta,F/ESP-tt, Oropesa del Mar ESP 1996/ - (46)}) (10.
f4 O-O 11. f5 d5 12. Qd3 Nh4 13. g3 c5 14. dxc5 Bxc5+ 15. Kh1 Qa5 16. Bb3 Nxf5
17. Bd2 Qb5 18. Qxb5 axb5 19. Nc3 Nd6 20. Nxd5 Bh3 21. Rfe1 Nc4 22. Bc3 Rad8
23. Nf4 Bd7 24. Bxc4 24... Bc6+ {
Holzhaeuer M-Lang T/WRT-MM8990 Kornwest 1990/0-1 (41)}) 10... O-O 11. Bb3 Bf6
12. f5 Ne7 13. c3 d5 14. Qd3 Bd7 15. Na3 Bc6 16. Bc2 Nc8 17. Bf4 Nd6 18. Qg3
Rc8 19. Qg4 Re8 20. Bd3 Qe7 21. Rf3 Nc4 22. Bxc4 dxc4 23. Re3 {
Read-Vaughan/XVII Camp del Mondo 1990/1-0 (36)}) (8... f5 $142 {
und Schwarz spielt mit} 9. dxc5 9... O-O $11) 9. Qxe4 Qf6 10. c3 (10. c3 Bb6
11. Bf4 $18) (10. Qxd4 $4 {Weiss kann den Laeufer nicht nehmen} 10... Nf3+ 11.
gxf3 Qxd4 12. Re1+ 12... Kf8 $19) 1-0

[Event "ICS Rated blitz match"]
[Site "207.99.83.229"]
[Date "1999.06.16"]
[Round "?"]
[White "Hossa"]
[Black "Secret"]
[Result "0-1"]
[WhiteElo "2399"]
[BlackElo "2432"]
[PlyCount "101"]

1. e4 e5 2. Nf3 Nf6 3. d4 Nxe4 4. Bd3 d5 5. Nxe5 Nd7 6. Nxd7 Bxd7 7. O-O Qh4 8.
c4 O-O-O 9. c5 g5 10. Be3 Re8 11. Nd2 Nxd2 12. Qxd2 Bg7 13. Be2 g4 14. Rfe1 Qf6
15. Qa5 a6 16. a4 h5 17. b4 Bh6 18. Bb5 Bxe3 19. Bxd7+ Kxd7 20. fxe3 g3 21.
hxg3 h4 22. gxh4 Rxh4 23. Rf1 Qe6 24. c6+ bxc6 25. Rae1 Rg8 26. Rf2 f6 27. Qxa6
Rxd4 28. exd4 Qxe1+ 29. Qf1 Qxb4 30. Qd1 Re8 31. Qg4+ Kd8 32. Qh4 Qe1+ 33. Kh2
Rf8 34. Qh6 Qxf2 35. Qxf8+ Kd7 36. Qc5 Qf4+ 37. g3 Qf2+ 38. Kh3 Qf1+ 39. Kh4
Qh1+ 40. Kg4 Qd1+ 41. Kf5 Qf3+ 42. Kg6 Qxg3+ 43. Kxf6 Qf4+ 44. Kg7 Qg5+ 45. Kf7
Qf4+ 46. Kg8 Qd6 47. Qc2 Qe6+ 48. Kg7 Qg4+ 49. Kh7 Qe4+ 50. Qxe4 dxe4 51. a5 {
Hossa resigns} 0-1

[Event "ICS Rated blitz match"]
[Site "207.99.83.229"]
[Date "1999.06.16"]
[Round "?"]
[White "Beadle"]
[Black "Hossa"]
[Result "0-1"]
[WhiteElo "2629"]
[BlackElo "2385"]
[PlyCount "130"]

1. d4 Nf6 2. c4 e6 3. Nc3 Bb4 4. e3 b6 5. Bd3 Bb7 6. Nf3 Bxc3+ 7. bxc3 O-O 8.
Rb1 Be4 9. Ba3 c5 10. O-O d5 11. dxc5 Re8 12. cxd5 Qxd5 13. Bxe4 Nxe4 14. cxb6
axb6 15. Rb3 Rc8 16. Qc2 Nc6 17. Rd1 Qc4 18. Nd4 f5 19. f3 Nf6 20. Qc1 Rab8 21.
Bd6 Rb7 22. Kh1 Nxd4 23. Rxd4 Qe2 24. a4 Nd5 25. c4 Ra7 26. e4 fxe4 27. Rxe4
Qa2 28. Ra3 Qf2 29. Bg3 Qc5 30. Qb2 Nb4 31. Bf2 Qd6 32. Rd4 Qf8 33. Rg4 Qd6 34.
Ra1 Rb7 35. Bg3 Qc5 36. Qd2 Nc6 37. Bd6 Qf5 38. Re1 Rd7 39. Qc3 Qxg4 40. fxg4
Rxd6 41. Kg1 Na5 42. Re4 Nb7 43. Rd4 Re8 44. Rxd6 Nxd6 45. Qxg7+ Kxg7 46. Kf2
Nxc4 47. g5 Nb2 48. Ke3 Nxa4 49. h3 Kg6 50. h4 Kh5 51. g3 Kg4 52. Kd4 e5+ 53.
Ke3 Kxg3 54. h5 Rg8 55. g6 hxg6 56. Ke4 gxh5 57. Kxe5 h4 58. Ke6 h3 59. Kf7 Rg5
60. Kf6 Kf4 61. Kf7 h2 62. Ke8 h1=Q 63. Kf7 Qh7+ 64. Ke6 Nc5+ 65. Kd6 65...
Qd7# {Beadle checkmated} 0-1

[Event "ICS Rated blitz match"]
[Site "207.99.83.229"]
[Date "1999.06.16"]
[Round "?"]
[White "Hossa"]
[Black "Beadle"]
[Result "1-0"]
[WhiteElo "2411"]
[BlackElo "2603"]
[PlyCount "97"]

1. e4 c6 2. d4 d5 3. Nc3 dxe4 4. Nxe4 Bf5 5. Ng3 Bg6 6. Nf3 Nd7 7. Bd3 e6 8.
Bxg6 hxg6 9. Qd3 Ngf6 10. Bd2 Qb6 11. O-O-O Bd6 12. Ng5 Rh4 13. N3e4 Nxe4 14.
Nxe4 Be7 15. Be3 Qa5 16. Kb1 Kf8 17. g3 Rh5 18. h4 Nf6 19. Bg5 Nxe4 20. Bxe7+
Kxe7 21. Qxe4 Kf8 22. g4 Rb5 23. c4 Rb4 24. h5 g5 25. Qh7 Qa3 26. Rd2 Qf3 27.
Rc1 Qf4 28. Rcc2 Rd8 29. Qh8+ Ke7 30. Qxg7 Rxc4 31. Rxc4 Qxd2 32. Qe5 Rd5 33.
Qb8 Rb5 34. Qc7+ Kf8 35. Qd8+ Kg7 36. Rc2 Qe1+ 37. Rc1 Qe2 38. b3 Qe4+ 39. Rc2
Qxg4 40. h6+ Kg6 41. Qh8 Rxb3+ 42. axb3 Kh5 43. h7 Qd1+ 44. Kb2 Kh6 45. f4
Qxd4+ 46. Qxd4 Kxh7 47. Qf6 Kg8 48. Rh2 gxf4 49. Rh8# {Beadle checkmated} 1-0

[Event "ICS Rated blitz match"]
[Site "207.99.83.229"]
[Date "1999.06.16"]
[Round "?"]
[White "Amateur"]
[Black "Hossa"]
[Result "1/2-1/2"]
[WhiteElo "2502"]
[BlackElo "2435"]
[PlyCount "160"]

1. e4 e5 2. Nf3 Nf6 3. Nxe5 d6 4. Nf3 Nxe4 5. d4 d5 6. Bd3 Be7 7. O-O Nc6 8. c4
Nb4 9. Be2 dxc4 10. Bxc4 O-O 11. Nc3 Nd6 12. Bb3 Bf6 13. a3 Nc6 14. d5 Na5 15.
Bc2 Nac4 16. Bd3 Bg4 17. h3 Bxf3 18. Qxf3 Ne5 19. Qe2 Nxd3 20. Qxd3 Be5 21. Re1
Re8 22. Bd2 Qh4 23. Nb5 Bxb2 24. Nxd6 Rxe1+ 25. Rxe1 cxd6 26. Qb5 Be5 27. Qxb7
Rf8 28. Be3 a5 29. Qb5 Bc3 30. Re2 Kh8 31. Bc1 Qd8 32. Bf4 Bd4 33. Bd2 Bb6 34.
Bc3 Rg8 35. Re1 Qc7 36. Qb2 f6 37. Bd2 Rb8 38. Bf4 Ba7 39. Qe2 Qd8 40. Qe4 Bc5
41. Qa4 Qg8 42. Re6 Rb1+ 43. Kh2 Rb8 44. Bxd6 Bxd6+ 45. Rxd6 Rd8 46. Rxd8 Qxd8
47. Qc6 Kg8 48. d6 Kf7 49. Qd5+ Kf8 50. f4 g5 51. fxg5 fxg5 52. g3 Qf6 53. Qd3
Ke8 54. Qb5+ Kf7 55. Qd5+ Kf8 56. Qc5 Kf7 57. d7 Qb2+ 58. Kg1 Qa1+ 59. Kg2 Qb2+
60. Kf3 Qb7+ 61. Ke3 Qxd7 62. Qxa5 Qd6 63. Qf5+ Kg7 64. Qxg5+ Kh8 65. Ke4 Qxa3
66. Qe5+ Kg8 67. h4 Qa4+ 68. Kd5 Qa5+ 69. Ke4 Qa4+ 70. Kf5 Qc2+ 71. Ke6 Qc6+
72. Ke7 Qb7+ 73. Kd6 Qb6+ 74. Ke7 Qb7+ 75. Kd8 Qb6+ 76. Kd7 Qb7+ 77. Ke6 Qc6+
78. Qd6 Qe4+ 79. Qe5 Qc6+ 80. Ke7 80... Qb7+ {Game drawn by repetition} 1/2-1/2